[Event "9th Bangabandhu Team Mixed 2021"]
[Site "Dhaka"]
[Date "2021.04.04"]
[Round "1.1"]
[White "Rahman, Ziaur"]
[Black "Rafi, Islam"]
[Result "0-1"]
[WhiteElo "2432"]
[BlackElo "1788"]
[Annotator "TA"]
[PlyCount "124"]
[EventDate "2021.04.04"]
[EventType "team-tourn"]
[EventCountry "BAN"]
[SourceTitle "playchess.com"]
[Source "ChessBase"]
[SourceQuality "1"]

{[%evp 9,124,70,72,71,113,100,109,112,111,90,111,100,112,110,117,117,127,104,135,109,107,100,106,83,131,131,135,122,134,128,153,149,175,160,191,184,189,184,192,192,192,193,220,205,216,205,231,213,209,206,237,213,214,162,169,136,137,128,177,177,177,177,177,177,177,177,177,177,177,77,122,74,141,122,124,124,213,213,213,213,244,215,270,213,224,200,270,270,270,262,270,231,223,191,270,224,270,186,218,174,252,247,252,281,274,224,247,225,264,208,202,170,170,172,176,-419,-406]} 1. d4 c5 2. d5 d6 3. e4 Nf6 4. f3 e5 5. Bb5+ {[#]} Bd7 $146 ({Predecessor:} 5... Nbd7 6. Nh3 Be7 7. Nf2 O-O 8. Be3 Ne8 9. Qd2 Qb6 10. c4 Nc7 11. a4 a5 12. Nc3 Na6 {1-0 (32) Haba,P (2517)-Beim,V (2563) Linz 2000}) 6. a4 {B07: Pirc Defence: Miscellaneous Systems.} a6 7. Bd3 g6 8. Nd2 {White is better.} Bc8 9. Ne2 Nbd7 10. c3 b6 11. b4 Rb8 12. Nc4 Qc7 13. b5 h6 14. bxa6 Ra8 15. Na3 Bxa6 16. Nb5 Bxb5 17. Bxb5 Bg7 18. O-O O-O 19. Be3 Nh5 20. Qd2 g5 21. Rfb1 Nb8 22. Ra2 Rd8 23. Kh1 Ra7 24. g4 Nf4 25. Ng3 ({Don't take} 25. Bxf4 exf4 26. Qb2 Qe7 $14) 25... f6 26. Nf5 Bf8 27. Qe1 Ng6 28. h4 Ne7 29. Ng3 Bg7 30. Rh2 Nd7 31. Nh5 Nf8 32. Bf2 Neg6 33. Qd2 Nf4 {[#]} 34. Ng3 $1 N8g6 35. Nf5 Ne7 36. Ne3 Kf7 37. Bg3 Rh8 38. Nc4 Nfg6 39. Nxb6 Rb8 40. Nc4 {aiming for h5.} Rxa4 41. Qd3 ({Reject} 41. Bxa4 $6 Rxb1+ 42. Kg2 gxh4 $11) 41... Raa8 {[#]} 42. h5 $1 {[%cal Rh5g6]} Nf8 (42... Nf4 $16 {is a better defense.} 43. Qd1 Kg8 44. Bxf4 exf4) 43. Rhb2 Kg8 44. Qc2 Kh8 45. Kg2 Kh7 46. Bf2 Ra7 47. Ba4 Rxb2 48. Rxb2 ({Don't play} 48. Nxb2 $6 Nd7 $18) 48... Nd7 49. Qb3 Bf8 50. Qb5 Kg7 51. Kf1 Nc8 (51... f5 $142) 52. Qc6 Be7 53. Ne3 Bf8 54. Nf5+ Kg8 (54... Kf7 $142 55. Rb5 Kg8) 55. Be1 $18 Ncb6 56. Qxc7 Rxc7 57. Bc6 Ra7 58. Ne3 Kf7 59. Ke2 Ke7 60. Kd3 Kd8 61. Bd2 Kc7 62. Rb3 $4 {[%mdl 8192]} (62. Kc2 $18 {avoids the disaster.}) 62... c4+ $1 {Weighted Error Value: White=0.28/Black=0.19} 0-1

[Event "9th Bangabandhu Team Mixed 2021"]
[Site "Dhaka"]
[Date "2021.04.04"]
[Round "1.2"]
[White "Mohammed Abdul, Malek"]
[Black "Mohammad Fahad, Rahman"]
[Result "1-0"]
[WhiteElo "2125"]
[BlackElo "2321"]
[Annotator "TA"]
[PlyCount "136"]
[EventDate "2021.04.04"]
[EventType "team-tourn"]
[EventCountry "BAN"]
[SourceTitle "playchess.com"]
[Source "ChessBase"]
[SourceQuality "1"]

{[%evp 19,136,-3,-14,-55,-62,-50,13,0,77,-45,-39,-52,-52,-95,-89,-112,-95,-137,-122,-126,-77,-106,-80,-90,-56,-56,-58,-56,-51,-66,-49,-66,-55,-93,-58,-58,-58,-96,-95,-92,-26,-26,-26,-26,-26,-26,-26,-26,-26,-26,-26,-26,0,0,0,0,0,0,0,0,0,0,0,0,0,0,0,0,0,0,0,-48,-16,-55,0,0,322,322,322,315,322,322,389,322,810,821,816,800,811,804,814,805,797,816,814,794,778,775,772,776,840,809,1044,1037,1030,1024,997,996,879,0,707,869,666,831,723,356,356,354,347]} 1. Nf3 Nf6 2. d4 e6 3. c4 b6 4. Nc3 Bb4 5. Bg5 Bb7 6. Qc2 h6 7. Bh4 g5 8. Bg3 Ne4 9. e3 Bxc3+ 10. bxc3 d6 11. d5 {E13: Queen's Indian/Nimzo-Indian hybrid: 4 Nc3 Bb7 5 Bg5 h6 6 Bh4 Bb4.} Nxg3 12. hxg3 {[#]} e5 $146 (12... Qf6 $1 $15) ({Predecessor:} 12... Qf6 13. Nd4 Nd7 {½-½ (13) Kanep,S (2173)-Cmiel,T (2234) Spoleto 2017}) 13. Qf5 {The position is equal.} Bc8 {[#]} (13... Ke7 $1 $11 {remains equal.}) 14. Qc2 (14. Qxg5 $1 $16 {Qg7 is the strong threat.} Qxg5 15. Nxg5 {[%mdl 64] Pin}) 14... Nd7 15. Be2 Nc5 16. O-O-O Qf6 17. Rdf1 Bf5 18. Qb2 O-O-O 19. Ne1 Bg6 20. f3 h5 21. e4 Qe7 22. Nd3 Nxd3+ 23. Bxd3 f6 24. Qb5 Be8 25. Qa6+ Kb8 26. Kd2 Qd7 27. Bc2 Qc8 28. Qa3 Bd7 29. Rb1 c5 (29... Ka8 $17) 30. Qb3 $11 Qa6 31. a4 Qa5 32. Rh2 Rh6 33. Rbh1 Rdh8 34. g4 {[%cal Rh2h5]} h4 35. Rh3 a6 36. Ke2 Kc7 37. Rb1 Rb8 38. Kf2 b5 39. axb5 axb5 {Threatening ...Rhh8.} 40. Rhh1 Rhh8 {And now ...bxc4 would win.} 41. Ra1 Qb6 42. Rhb1 Rb7 43. Kg1 Rhb8 44. Kh2 b4 45. Bd3 Kd8 46. Ra2 bxc3 ({Better is} 46... Ra7 $1 $15) 47. Qxc3 Qxb1 {[%mdl 8192] White leaves nothing to chance now.} (47... Qc7 $11 {and Black has nothing to worry.} 48. Rba1 Rb3) 48. Bxb1 $18 Rxb1 49. Ra7 R1b4 50. Qa3 R4b7 51. Qa5+ Ke7 $2 {[#]} (51... Rb6 52. Ra6 Kc7) 52. Rxb7 $1 {[%mdl 64] Overworked Piece} Rxb7 {[%mdl 4096] Endgame [#] KQ-KRB} 53. Qa8 $1 {[%cal Ra8b7]} Rb4 54. Qg8 Rxc4 55. Qg7+ Kd8 56. Qxf6+ Kc7 57. Qxg5 Ra4 58. Qe3 Ra8 59. Kh3 Rc8 60. Kxh4 c4 61. Kg5 Kd8 62. Qc3 Ke7 63. Kg6 Be8+ 64. Kg5 Bd7 65. f4 Rg8+ 66. Kh6 Rxg4 67. fxe5 (67. f5 $142 Rxe4 68. Kg5) 67... Rh4+ 68. Kg5 Rg4+ {Weighted Error Value: White=0.15/Black=0.29} 1-0

[Event "9th Bangabandhu Team Mixed 2021"]
[Site "Dhaka"]
[Date "2021.04.04"]
[Round "1.2"]
[White "Hasan, Mostafa Razibul"]
[Black "Mohammad Minhaz Uddin"]
[Result "1/2-1/2"]
[WhiteElo "1862"]
[BlackElo "2281"]
[Annotator "RC"]
[PlyCount "136"]
[EventDate "2021.04.04"]
[EventType "team-tourn"]
[EventCountry "BAN"]
[SourceTitle "playchess.com"]
[Source "ChessBase"]
[SourceQuality "1"]
[TimeControl "1500+10"]

1. Nf3 {[%emt 0:00:00]} Nf6 {[%emt 0:00:00]} 2. d4 {[%emt 0:00:00]} e6 {[%emt 0:00:00]} 3. c4 {[%emt 0:00:00]} b6 {[%emt 0:00:00]} 4. Nc3 {[%emt 0:00:00]} Bb4 {[%emt 0:00:00]} 5. Bg5 {[%emt 0:00:00]} Bb7 {[%emt 0:00:00]} 6. Qc2 {[%emt 0:00:00]} h6 {[%emt 0:00:00]} 7. Bh4 {[%emt 0:00:00]} g5 {[%emt 0:00:00]} 8. Bg3 {[%emt 0:00:00]} Ne4 {[%emt 0:00:00]} 9. e3 {[%emt 0:00:00]} Bxc3+ {[%emt 0:00:00]} 10. bxc3 {[%emt 0:00:00]} d6 {[%emt 0:00:00]} 11. d5 {[%emt 0:00:00]} Nxg3 {[%emt 0:00:00]} 12. hxg3 {[%emt 0:00:00]} e5 {[%emt 0:00:00]} 13. Qf5 {[%emt 0:00:00]} Bc8 {[%emt 0:00:00]} 14. Qc2 {[%emt 0:00:00]} Nd7 {[%emt 0:00:00]} 15. Be2 {[%emt 0:00:00]} Nc5 {[%emt 0:00:00]} 16. O-O-O {[%emt 0:00:00]} Qf6 {[%emt 0:00:00]} 17. Rdf1 {[%emt 0:00:00]} Bf5 {[%emt 0:00:00]} 18. Qb2 {[%emt 0:00:00]} O-O-O {[%emt 0:00:00]} 19. Ne1 {[%emt 0:00:00]} Bg6 {[%emt 0:00:00]} 20. f3 {[%emt 0:00:00]} h5 {[%emt 0:00:00]} 21. e4 {[%emt 0:00:00]} Qe7 {[%emt 0:00:00]} 22. Nd3 {[%emt 0:00:00]} Nxd3+ {[%emt 0:00:00]} 23. Bxd3 {[%emt 0:00:00]} f6 {[%emt 0:00:00]} 24. Qb5 {[%emt 0:00:00]} Be8 {[%emt 0:00:00]} 25. Qa6+ {[%emt 0:00:00]} Kb8 {[%emt 0:00:00]} 26. Kd2 {[%emt 0:00:00]} Qd7 {[%emt 0:00:00]} 27. Bc2 {[%emt 0:00:00]} Qc8 {[%emt 0:00:00]} 28. Qa3 {[%emt 0:00:00]} Bd7 {[%emt 0:00:00]} 29. Rb1 {[%emt 0:00:00]} c5 {[%emt 0:00:00]} 30. Qb3 {[%emt 0:00:00]} Qa6 {[%emt 0:00:00]} 31. a4 {[%emt 0:00:00]} Qa5 {[%emt 0:00:00]} 32. Rh2 {[%emt 0:00:00]} Rh6 {[%emt 0:05:28]} 33. Rbh1 {[%emt 0:00:00]} Rdh8 {[%emt 0:00:00]} 34. g4 {[%emt 0:00:00]} h4 {[%emt 0:03:48]} 35. Rh3 {[%emt 0:00:00]} a6 {[%emt 0:01:04]} 36. Ke2 {[%emt 0:00:00]} Kc7 {[%emt 0:00:00]} 37. Rb1 {[%emt 0:00:00]} Rb8 {[%emt 0:00:09]} 38. Kf2 {[%emt 0:00:00]} b5 {[%emt 0:00:17]} 39. axb5 {[%emt 0:00:00]} axb5 {[%emt 0:02:23]} 40. Rhh1 {[%emt 0:00:00]} Rhh8 {[%emt 0:04:26]} 41. Ra1 {[%emt 0:00:00]} Qb6 {[%emt 0:00:00]} 42. Rhb1 {[%emt 0:00:00]} Rb7 {[%emt 0:11:20]} 43. Kg1 {[%emt 0:01:19]} Rhb8 {[%emt 0:00:22]} 44. Kh2 {[%emt 0:01:40]} b4 {[%emt 0:00:19]} 45. Bd3 {[%emt 0:02:11]} Kd8 {[%emt 0:00:00]} 46. Ra2 {[%emt 0:01:58]} bxc3 {[%emt 0:01:17]} 47. Qxc3 {[%emt 0:01:06]} Qxb1 {[%emt 0:00:00]} 48. Bxb1 {[%emt 0:00:00]} Rxb1 {[%emt 0:00:00]} 49. Ra7 {[%emt 0:01:15]} R1b4 {[%emt 0:01:23]} 50. Qa3 {[%emt 0:00:00]} R4b7 {[%emt 0:00:26]} 51. Qa5+ {[%emt 0:00:07]} Ke7 {[%emt 0:00:00]} 52. Rxb7 {[%emt 0:01:33]} Rxb7 {[%emt 0:00:00]} 53. Qa8 {[%emt 0:00:00]} Rb4 {[%emt 0:00:00]} 54. Qg8 {[%emt 0:00:00]} Rxc4 {[%emt 0:00:00]} 55. Qg7+ {[%emt 0:00:00]} Kd8 {[%emt 0:00:00]} 56. Qxf6+ {[%emt 0:00:00]} Kc7 {[%emt 0:00:00]} 57. Qxg5 {[%emt 0:00:00]} Ra4 {[%emt 0:00:00]} 58. Qe3 {[%emt 0:00:08]} Ra8 {[%emt 0:00:00]} 59. Kh3 {[%emt 0:00:00]} Rc8 {[%emt 0:00:10]} 60. Kxh4 {[%emt 0:00:00]} c4 {[%emt 0:00:00]} 61. Kg5 {[%emt 0:01:13]} Kd8 {[%emt 0:00:04]} 62. Qc3 {[%emt 0:00:00]} Ke7 {[%emt 0:00:00]} 63. Kg6 {[%emt 0:01:31]} Be8+ {[%emt 0:01:49]} 64. Kg5 {[%emt 0:01:05]} Bd7 {[%emt 0:00:00]} 65. f4 {[%emt 0:01:13]} Rg8+ {[%emt 0:00:00]} 66. Kh6 {[%emt 0:00:00]} Rxg4 {[%emt 0:00:21]} 67. fxe5 {[%emt 0:00:03]} Rh4+ {[%emt 0:00:31]} 68. Kg5 {[%emt 0:00:02]} Rg4+ {[%emt 0:00:03]} 1/2-1/2

[Event "9th Bangabandhu Team Mixed 2021"]
[Site "Dhaka"]
[Date "2021.04.04"]
[Round "1.3"]
[White "Zia, Tahsin Tajwar"]
[Black "Mohammed, Kutubuddin"]
[Result "1-0"]
[WhiteElo "2170"]
[BlackElo "2057"]
[Annotator "TA"]
[PlyCount "94"]
[EventDate "2021.04.04"]
[EventType "team-tourn"]
[EventCountry "BAN"]
[SourceTitle "playchess.com"]
[Source "ChessBase"]
[SourceQuality "1"]

{[%evp 13,94,17,42,44,52,48,50,43,63,40,42,50,52,52,56,60,61,57,65,67,54,62,62,60,75,81,88,79,81,68,55,58,72,38,42,-113,-117,-128,-110,-110,-101,-111,-96,-93,-95,-109,-108,-102,0,0,0,0,0,0,0,0,0,0,0,0,0,0,0,0,0,0,0,-88,-80,-83,0,-153,8,8,6,0,4132,4132,1113,1313,6375,5730,5730]} 1. d4 Nf6 2. c4 e6 3. Nf3 d5 4. g3 Bb4+ 5. Bd2 Bxd2+ 6. Nbxd2 O-O 7. Bg2 c6 8. O-O {E11: Bogo-Indian.} Re8 9. Re1 Nbd7 10. e4 {White is slightly better.} dxe4 11. Nxe4 Nxe4 12. Rxe4 b6 13. Qc2 Bb7 14. Rd1 {[#]} h6 $146 ({Predecessor:} 14... Qc7 15. Rh4 Nf8 16. c5 Rad8 17. Ne5 b5 18. b4 f6 19. Nf3 Bc8 20. Re4 Rd5 {1-0 (29) Rozic,M (2092)-Garac,M (1931) Zagreb 2010}) 15. Ree1 Qc7 16. c5 Red8 17. Nd2 Nf6 18. Nc4 b5 19. Ne5 a5 20. h4 Nd5 21. Bh3 Re8 22. Qe4 Rad8 23. g4 Qe7 24. Kg2 $2 (24. h5 $14 {stays ahead.}) 24... Qxh4 $17 25. f4 f5 26. Qf3 fxg4 27. Bxg4 h5 $1 {[%cal Rh5g4]} 28. Rh1 hxg4 29. Rxh4 gxf3+ 30. Kxf3 Nf6 (30... Rc8 $1 $17) 31. Rdh1 $11 {[%csl Gh1][%cal Rh4h8]} Kf8 {White must now prevent ...Ke7.} 32. Rg1 $1 Rxd4 {And now ...Kg8 would win.} 33. Rh8+ Ng8 34. Ng6+ Kf7 35. Ne5+ Kf8 36. Rh7 Nf6 37. Rhxg7 {[%csl Ge5][%cal Rg7f7]} Rxf4+ $1 {[%mdl 64] Decoy} 38. Kxf4 {[%csl Ge5][%cal Rg7f7]} Nh5+ {[%mdl 64] Double Attack} 39. Kg5 $1 {[%cal Rg5h5]} Nxg7 40. Kf6 (40. Rh1 $1 $11 {remains equal.} Kg8 41. Ng4) 40... Nh5+ $17 41. Kg5 {[#]} Ng7 (41... Rd8 $1 $17 {[%cal Rd8d5] aiming for ...Rd5.} 42. Kxh5 Rd5) 42. Kg6 $2 {[#]} ({White should play} 42. Kf6 $11 Nh5+ 43. Kg6) 42... Re7 $2 (42... Rd8 $1 $17 {[%cal Rd8d5]} 43. Rh1 Rd5 44. Rh8+ Ke7) 43. Rh1 $11 {[%cal Rh1h8]} Kg8 {Hoping for ...Nf5.} 44. Ng4 $1 {[%cal Rg4f6] Intending Nf6+ and mate.} Ne8 {[%mdl 8192]} (44... Nh5 $11 45. Rf1 Rg7+ 46. Kxh5 b4) 45. Nh6+ $18 {White is clearly winning.} Kf8 {[#]} 46. Nf5 $1 {[%cal Rh1h8][%mdl 512]} Nf6 (46... Rh7 47. Rxh7) 47. Rh8+ Ng8 {Weighted Error Value: White=0.22/Black=0.20} 1-0

[Event "9th Bangabandhu Team Mixed 2021"]
[Site "Dhaka"]
[Date "2021.04.04"]
[Round "1.4"]
[White "Parveen, Tanima"]
[Black "Sultana, Sharmin Shirin"]
[Result "*"]
[WhiteElo "1984"]
[BlackElo "2006"]
[Annotator "RC"]
[PlyCount "34"]
[EventDate "2021.04.04"]
[EventType "team-tourn"]
[EventCountry "BAN"]
[SourceTitle "playchess.com"]
[Source "ChessBase"]
[SourceQuality "1"]
[TimeControl "1500+10"]

1. e4 {[%emt 0:00:00]} e5 {[%emt 0:00:00]} 2. Nf3 {[%emt 0:00:00]} Nc6 {[%emt 0:00:00]} 3. Bc4 {[%emt 0:00:00]} Bc5 {[%emt 0:00:00]} 4. d3 {[%emt 0:00:00]} Nf6 {[%emt 0:00:00]} 5. h3 {[%emt 0:00:00]} d6 {[%emt 0:00:00]} 6. a3 {[%emt 0:00:00]} a6 {[%emt 0:00:00]} 7. Nc3 {[%emt 0:00:00]} h6 {[%emt 0:00:00]} 8. O-O {[%emt 0:00:00]} Ba7 {[%emt 0:00:00]} 9. Nd5 {[%emt 0:00:00]} O-O {[%emt 0:00:00]} 10. Be3 {[%emt 0:00:00]} Re8 {[%emt 0:26:40]} 11. Bxa7 {[%emt 0:00:00]} Nxa7 {[%emt 0:00:00]} 12. Nh2 {[%emt 0:00:00]} c6 {[%emt 0:00:00]} 13. Nxf6+ {[%emt 0:00:00]} Qxf6 {[%emt 0:00:00]} 14. Qf3 {[%emt 0:00:00]} Qxf3 {[%emt 0:00:00]} 15. Nxf3 {[%emt 0:00:00]} Be6 {[%emt 0:00:00]} 16. Bxe6 {[%emt 0:00:00]} Rxe6 {[%emt 0:00:00]} 17. c4 {[%emt 0:00:00]} Rae8 {[%emt 0:00:00]} *

[Event "9th Bangabandhu Team Mixed 2021"]
[Site "Dhaka"]
[Date "2021.04.04"]
[Round "1.4"]
[White "Afrin Jahan, Munia"]
[Black "Noshin, Anjum"]
[Result "0-1"]
[WhiteElo "1647"]
[BlackElo "1912"]
[Annotator "NA"]
[PlyCount "134"]
[EventDate "2021.04.04"]
[EventType "team-tourn"]
[EventCountry "BAN"]
[SourceTitle "playchess.com"]
[Source "ChessBase"]
[SourceQuality "1"]
[TimeControl "1500+10"]

1. e4 {[%emt 0:00:00]} e5 {[%emt 0:00:00]} 2. Nf3 {[%emt 0:00:00]} Nc6 {[%emt 0:00:00]} 3. Bc4 {[%emt 0:00:00]} Bc5 {[%emt 0:00:00]} 4. d3 {[%emt 0:00:00]} Nf6 {[%emt 0:00:00]} 5. h3 {[%emt 0:00:00]} d6 {[%emt 0:00:00]} 6. a3 {[%emt 0:00:00]} a6 {[%emt 0:00:00]} 7. Nc3 {[%emt 0:00:00]} h6 {[%emt 0:00:00]} 8. O-O {[%emt 0:00:00]} Ba7 {[%emt 0:00:00]} 9. Nd5 {[%emt 0:00:00]} O-O {[%emt 0:00:00]} 10. Be3 {[%emt 0:00:00]} Re8 {[%emt 0:00:00]} 11. Bxa7 {[%emt 0:00:00]} Nxa7 {[%emt 0:00:00]} 12. Nh2 {[%emt 0:00:00]} c6 {[%emt 0:00:00]} 13. Nxf6+ {[%emt 0:00:00]} Qxf6 {[%emt 0:00:00]} 14. Qf3 {[%emt 0:00:00]} Qxf3 {[%emt 0:00:00]} 15. Nxf3 {[%emt 0:00:00]} Be6 {[%emt 0:00:00]} 16. Bxe6 {[%emt 0:00:00]} Rxe6 {[%emt 0:00:00]} 17. c4 {[%emt 0:00:00]} Rae8 {[%emt 0:00:00]} 18. Nd2 {[%emt 0:00:00]} d5 {[%emt 0:00:00]} 19. Nb3 {[%emt 0:00:00]} Rd8 {[%emt 0:00:00]} 20. Rfd1 {[%emt 0:00:00]} Re7 {[%emt 0:06:18]} 21. Kf1 {[%emt 0:01:10]} Nc8 {[%emt 0:02:31]} 22. cxd5 {[%emt 0:10:14]} cxd5 {[%emt 0:00:01]} 23. Rac1 {[%emt 0:00:28]} Nb6 {[%emt 0:02:02]} 24. Ke2 {[%emt 0:02:56]} Kh7 {[%emt 0:01:49]} 25. Na5 {[%emt 0:00:41]} Red7 {[%emt 0:02:16]} 26. f3 {[%emt 0:01:23]} f6 {[%emt 0:02:31]} 27. b3 {[%emt 0:01:03]} Kg6 {[%emt 0:02:04]} 28. g4 {[%emt 0:01:18]} Kg5 {[%emt 0:00:08]} 29. b4 {[%emt 0:02:46]} Kh4 {[%emt 0:02:18]} 30. Nb3 {[%emt 0:01:39]} Na4 {[%emt 0:03:29]} 31. exd5 {[%emt 0:03:26]} Rxd5 {[%emt 0:00:09]} 32. Rd2 {[%emt 0:00:00]} R8d7 {[%emt 0:03:09]} 33. Ke3 {[%emt 0:00:00]} Kg5 {[%emt 0:00:03]} 34. Na5 {[%emt 0:01:22]} Nb6 {[%emt 0:00:50]} 35. Nb3 {[%emt 0:00:00]} Kg6 {[%emt 0:00:15]} 36. h4 {[%emt 0:00:00]} h5 {[%emt 0:00:00]} 37. Nc5 {[%emt 0:00:05]} Re7 {[%emt 0:00:00]} 38. Kf2 {[%emt 0:00:39]} Rc7 {[%emt 0:00:00]} 39. Rcc2 {[%emt 0:00:00]} Nd7 {[%emt 0:00:00]} 40. Nxd7 {[%emt 0:00:00]} Rcxd7 {[%emt 0:00:14]} 41. Ke3 {[%emt 0:00:00]} Rd4 {[%emt 0:00:25]} 42. Rc4 {[%emt 0:00:26]} R4d6 {[%emt 0:00:00]} 43. d4 {[%emt 0:00:10]} hxg4 {[%emt 0:01:03]} 44. fxg4 {[%emt 0:00:03]} Kf7 {[%emt 0:00:03]} 45. Ke4 {[%emt 0:00:25]} Rd5 {[%emt 0:00:10]} 46. Ke3 {[%emt 0:01:21]} R5d6 {[%emt 0:00:00]} 47. h5 {[%emt 0:00:00]} b5 {[%emt 0:00:00]} 48. Rc1 {[%emt 0:00:42]} exd4+ {[%emt 0:00:30]} 49. Ke4 {[%emt 0:00:00]} Re7+ {[%emt 0:00:00]} 50. Kf4 {[%emt 0:00:00]} Re3 {[%emt 0:00:15]} 51. Rcd1 {[%emt 0:00:00]} Rxa3 {[%emt 0:00:00]} 52. Rxd4 {[%emt 0:00:00]} Re6 {[%emt 0:00:30]} 53. Rd7+ {[%emt 0:00:00]} Re7 {[%emt 0:00:00]} 54. Rxe7+ {[%emt 0:00:00]} Kxe7 {[%emt 0:00:00]} 55. Rd4 {[%emt 0:00:00]} Ra4 {[%emt 0:00:00]} 56. Kf5 {[%emt 0:00:00]} a5 {[%emt 0:00:21]} 57. Re4+ {[%emt 0:00:00]} Kf7 {[%emt 0:00:00]} 58. bxa5 {[%emt 0:00:01]} Rxa5 {[%emt 0:00:00]} 59. Rb4 {[%emt 0:00:00]} Ke7 {[%emt 0:00:15]} 60. Kg6 {[%emt 0:00:00]} Ra4 {[%emt 0:00:00]} 61. Rxa4 {[%emt 0:00:19]} bxa4 {[%emt 0:00:00]} 62. Kxg7 {[%emt 0:00:00]} a3 {[%emt 0:00:00]} 63. h6 {[%emt 0:00:00]} a2 {[%emt 0:00:00]} 64. h7 {[%emt 0:00:11]} a1=Q {[%emt 0:00:00]} 65. h8=Q {[%emt 0:01:05]} f5+ {[%emt 0:00:00]} 66. Kh7 {[%emt 0:00:26]} Qxh8+ {[%emt 0:00:00]} 67. Kxh8 {[%emt 0:00:00]} fxg4 {[%emt 0:00:00]} 0-1

[Event "9th Bangabandhu Team Mixed 2021"]
[Site "Dhaka"]
[Date "2021.04.04"]
[Round "1.5"]
[White "Sacchu, Afzal Hossain"]
[Black "Anata, Choudhury"]
[Result "0-1"]
[WhiteElo "2008"]
[BlackElo "2184"]
[Annotator "ChessBase"]
[PlyCount "87"]
[EventDate "2021.04.04"]
[EventType "team-tourn"]
[EventCountry "BAN"]
[SourceTitle "playchess.com"]
[Source "ChessBase"]
[SourceQuality "1"]
[TimeControl "1500+10"]

1. d3 {[%emt 0:00:00]} c5 {[%emt 0:00:00]} 2. Nf3 {[%emt 0:00:00]} Nc6 {[%emt 0:00:00]} 3. g3 {[%emt 0:00:00]} g6 {[%emt 0:00:00]} 4. Bg2 {[%emt 0:00:00]} Bg7 {[%emt 0:00:00]} 5. O-O {[%emt 0:00:00]} d6 {[%emt 0:00:00]} 6. h3 {[%emt 0:26:00]} e5 {[%emt 0:00:00]} 7. Nc3 {[%emt 0:00:00]} Nge7 {[%emt 0:00:00]} 8. e4 {[%emt 0:00:00]} O-O {[%emt 0:00:00]} 9. Be3 {[%emt 0:00:30]} Nd4 {[%emt 0:00:00]} 10. Kh2 {[%emt 0:00:00]} f5 {[%emt 0:00:00]} 11. Bg5 {[%emt 0:00:20]} Be6 {[%emt 0:26:50]} 12. Nxd4 {[%emt 0:00:00]} cxd4 {[%emt 0:00:00]} 13. Ne2 {[%emt 0:00:20]} Qd7 {[%emt 0:00:00]} 14. exf5 {[%emt 0:00:00]} gxf5 {[%emt 0:00:00]} 15. c3 {[%emt 0:00:00]} dxc3 {[%emt 0:00:00]} 16. Nxc3 {[%emt 0:00:00]} Nc6 {[%emt 0:00:50]} 17. Qh5 {[%emt 0:00:00]} Rae8 {[%emt 0:00:10]} 18. f4 {[%emt 0:00:00]} Nd4 {[%emt 0:00:00]} 19. Rae1 {[%emt 0:00:00]} Nc2 {[%emt 0:00:00]} 20. Re2 {[%emt 0:00:00]} Nb4 {[%emt 0:00:00]} 21. Rd1 {[%emt 0:01:20]} Nxa2 {[%emt 0:00:40]} 22. Nd5 {[%emt 0:00:10]} a5 {[%emt 0:00:00]} 23. Rc2 {[%emt 0:00:00]} Qf7 {[%emt 0:00:20]} 24. Qxf7+ {[%emt 0:00:00]} Rxf7 {[%emt 0:00:10]} 25. fxe5 {[%emt 0:00:30]} dxe5 {[%emt 0:00:00]} 26. Rc5 {[%emt 0:00:10]} b6 {[%emt 0:00:00]} 27. Rc6 {[%emt 0:00:00]} Nb4 {[%emt 0:00:00]} 28. Nxb4 {[%emt 0:00:00]} axb4 {[%emt 0:00:00]} 29. Rxb6 {[%emt 0:00:00]} Bf8 {[%emt 0:00:00]} 30. Re1 {[%emt 0:00:00]} Bb3 {[%emt 0:01:00]} 31. Re2 {[%emt 0:00:00]} Rc7 {[%emt 0:00:10]} 32. Bf6 {[%emt 0:00:00]} Bc5 {[%emt 0:00:00]} 33. Rb7 {[%emt 0:00:00]} Rxb7 {[%emt 0:00:00]} 34. Bxb7 {[%emt 0:01:20]} Bd4 {[%emt 0:00:00]} 35. Bg5 {[%emt 0:00:00]} Rb8 {[%emt 0:00:40]} 36. Ba6 {[%emt 0:00:20]} Ra8 {[%emt 0:00:00]} 37. Bc4+ {[%emt 0:00:00]} Bxc4 {[%emt 0:00:00]} 38. dxc4 {[%emt 0:00:00]} Ra2 {[%emt 0:00:00]} 39. Bc1 {[%emt 0:00:00]} b3 {[%emt 0:00:00]} 40. Kg2 {[%emt 0:00:00]} Ra1 {[%emt 0:00:00]} 41. Be3 {[%emt 0:00:00]} Rd1 {[%emt 0:00:00]} 42. Kf3 {[%emt 0:00:00]} Rd3 {[%emt 0:00:00]} 43. c5 {[%emt 0:00:00]} Bxc5 {[%emt 0:00:00]} 44. Kg2 {[%emt 0:01:20]} 0-1

[Event "9th Bangabandhu Team Mixed 2021"]
[Site "Dhaka"]
[Date "2021.04.04"]
[Round "1.6"]
[White "Mollah Abdullah, Al Rakib"]
[Black "Avik, Sarker"]
[Result "1/2-1/2"]
[WhiteElo "2464"]
[BlackElo "2035"]
[Annotator "TA"]
[PlyCount "108"]
[EventDate "2021.04.04"]
[EventType "team-tourn"]
[EventCountry "BAN"]
[SourceTitle "playchess.com"]
[Source "ChessBase"]
[SourceQuality "1"]

{[%evp 11,108,9,25,27,38,35,29,31,43,39,34,28,45,58,50,44,52,59,47,54,60,57,75,49,49,39,87,102,102,101,101,96,99,86,85,64,103,9,10,10,41,39,39,39,43,39,40,0,0,0,0,0,0,0,0,0,0,0,0,-6,0,0,0,0,0,0,0,0,0,0,0,0,0,0,0,0,0,0,0,0,0,0,0,0,0,0,0,0,0,0,0,0,0,0,0,0,0,0,0]} 1. d4 d5 2. c4 e6 3. Nf3 Nf6 4. Bg5 Be7 5. Nc3 Nbd7 6. e3 h6 {seems to push 6...0-0 aside.} 7. Bf4 {D53: Queen's Gambit Declined: 4 Bg5 Be7: Early deviations.} dxc4 8. Bxc4 a6 9. a4 {White has an edge.} c5 10. O-O cxd4 11. Qxd4 {[#]} Nb6 $146 {[#] White must now prevent ...Qxd4.} ({Predecessor:} 11... Qb6 12. Qd2 O-O 13. Rfd1 Rd8 14. Qe2 Nh5 15. a5 Qc5 16. Bd6 Bxd6 17. Ne4 Bxh2+ 18. Nxh2 {1-0 (25) Thew,B (2100)-Bratholm,P (2182) ICCF email 2018}) 12. Qxd8+ Bxd8 13. Bb3 Nbd5 14. Nxd5 Nxd5 15. Be5 Nf6 16. Rfd1 Bd7 17. Rac1 Rc8 18. Bc3 O-O 19. Ne5 Bc6 20. Bb4 Re8 21. Nxc6 bxc6 22. Bc4 a5 23. Bd6 {aiming for Ba6.} Ne4 {[#]} 24. Ba6 (24. Ba3 $1 $16) 24... Nxd6 $11 25. Rxd6 Be7 (25... Rb8 {seems wilder.} 26. Rdxc6 Rxb2 27. Bb5 Bg5 28. g3 Rd8) 26. Rdxc6 Rxc6 27. Rxc6 $14 {[%mdl 4096] Endgame KRB-KRB} Rd8 28. g3 g6 29. Kg2 Rd2 {The position is equal.} 30. b3 Rb2 31. Rc8+ Kg7 32. Kf3 Bb4 33. Rc1 Rxb3 34. Rc2 Rc3 35. Re2 Kf6 36. Bb5 Ke7 37. Rd2 Rc7 38. Rd1 Bd6 39. h3 Rc3 40. g4 Rc7 41. h4 Bb4 42. Ke4 Ba3 43. f4 f5+ 44. Kf3 fxg4+ 45. Kxg4 Kf6 46. h5 gxh5+ 47. Kxh5 e5 48. fxe5+ Kxe5 49. Rd8 Rc3 (49... Bc5 {with more complications.} 50. Re8+ Re7 51. Rxe7+ Bxe7 52. Bc6 Kd6) 50. Kxh6 (50. Ra8 {is interesting.} Bb4 51. Re8+ Kf6 52. Kg4 Rc5 53. Rh8) 50... Rxe3 51. Re8+ Kd4 52. Rxe3 Kxe3 53. Kh5 Kf4 54. Kg6 Ke5 {Weighted Error Value: White=0.06/Black=0.05} 1/2-1/2